Normal view
MARC view
Entry Personal Name
001 - CONTROL NUMBER
- control field: 20224
003 - CONTROL NUMBER IDENTIFIER
- control field: ARRUPE
005 - DATE AND TIME OF LATEST TRANSACTION
- control field: 20151013115402.0
008 - FIXED-LENGTH DATA ELEMENTS
- fixed length control field: 151013|| aca||aabn | a|a d
040 ## - CATALOGING SOURCE
- Original cataloging agency: ARRUPE
- Transcribing agency: ARRUPE
100 ## - HEADING--PERSONAL NAME
- Personal name: Heidegger, Martin,
- Dates associated with a name: 1889-1976.
670 ## - SOURCE DATA FOUND
- Source citation: Work cat.: (ARRUPE)0: Bambach, Charles R. 20223, Heidegger, Dilthey, and the crisis of historicism /, 1995.